000 00985nam a22002417a 4500
005 2009111306196.0
008 091113t xxu||||| |||| 00| 0 eng d
010 _aENG-95432
020 _a9788190618618
_c250.00
035 _aEN-78965
037 _bDBAD/PUB
040 _aDPL
100 _aSen, Kalyani Menon
245 _aSwept off the Map
_cby Kalyani Menon-Sen
_bSurviving eviction and resettlement in Delhi
260 _aNew Delhi
_bYoda Press
_c2008
270 _a35-A/1, Shahpur Jat
_bNew Delhi
_e110049
300 _a190p
_c22 cm.(Pbk)
700 _aBhan, Gautam
856 _uhttp://www.loc.gov/catdir/toc/ecip0721/2007025342.html
942 _2ddc
_cEN
_mSEN
999 _c31753
_d31753